| 000 | 00438nam a22001337a 4500 | ||
|---|---|---|---|
| 082 |
_a696.1 _bNAT |
||
| 100 |
_aNational highway authority _945664 |
||
| 245 |
_aDesign calculations for bridge over Lai Nullah National highway N-5 Mandra rawalpinidi additional/ _cNational highway authority |
||
| 260 | _aKarachi, | ||
| 300 |
_a326p.: _bill,; _c35 cm. |
||
| 526 |
_a0 _b0 _c0 _d696_100000000000000_NAT |
||
| 650 |
_aMCE _9379 |
||
| 942 |
_2ddc _cBK |
||
| 999 |
_c549140 _d549140 |
||